| 000 | 00741nam a2200217Ii 4500 | ||
|---|---|---|---|
| 003 | JO-AjNU | ||
| 008 | 230605s9999||||xx |||||||||||||| ||und|| | ||
| 017 | _a2003/11454 | ||
| 020 | _a977-01-8597-3 | ||
| 040 |
_aJO-AjNU _bara _erda _cJO-AjNU |
||
| 041 | _aara | ||
| 050 | 1 | 4 | _aPJ7806.N2.A98 2003 |
| 100 | 3 |
_aتأليف الأبنودي، عبد الرحمن, _eauthor _939637 |
|
| 245 | 0 | 0 | _aأيامي الحلوة، الجزء الثاني |
| 264 | 3 | 1 | _aالقاهرة:مكتبة الأسرة،2003 ؛ مهرجان القراءة للجميع 2003 |
| 300 | _aج2، 223ص | ||
| 336 |
_atext _btxt _2rdacontent |
||
| 337 |
_aunmediated _bn _2rdamedia |
||
| 338 |
_avolume _bnc _2rdacarrier |
||
| 650 | 4 |
_aالأدب العربي _939638 |
|
| 999 |
_aA16757 _c20325 _d20325 |
||